00818cam a2200241 i 45000010009000000050017000090080041000260100017000670200025000840400028001090410008001370420008001450800016001530820020001691000007001891010008001962450142002045040041003469060045003879420012004329990017004449520115004611727488520180221051136.0120427s2012 txu b 000 0 eng  a 2012014874 a9781593639167 (pbk.) aDLCbengcDLCerdadDLC aeng apcc a371.95 JUL00a371.95 JUL2231 a47 aEDU12aA teacher's guide to working with children and families from diverse backgrounds :cJulia Link Roberts, Ed.D., & Jennifer L. Jolly, Ph.D. aIncludes bibliographical references. a7bcbccorignewd1eecipf20gy-gencatlg 2ddccBK c43034d43034 00102ddc40708PËKGa002b002cPËKGd2018-02-21l0o371.95 JULp002-2999808r2018-02-21w2018-02-21yBK